MDQL
is popping MORE tags! Check the
thread
!
Quizzes
Events
Quiz Creation
Community
Videos
Private Events
Remove Ads
Sign In
Join for FREE
Feedback
Dark Mode
Quiz Categories
Sports
Geography
Music
Movies
Television
Just For Fun
Miscellaneous
History
Literature
Language
Science
Gaming
Entertainment
Religion
Holiday
For Kids
Quiz Lab
Recent
Popular Today
Quiz Kudos Today
Editor Picks
Curator Picks
Quizzes by...
Day
Popularity
Type
Ratings
Length
Year
Community
Subscriptions
Recent Discussions
Orange Saloon
Badges
Playlists
Quests
Create
Leaderboards
Showdown
Live 5
Trivia Bingo
Activity
Puzzle Library
Sporcle Events
Private Events
Virtual Trivia
Globe League
Become a Host
Pub Owners
SporcleCon
Opinionation
Our Games
Videos
Blog
Mobile Apps
Partnerships
Remove Ads and Go Orange
Feedback
Sports
Athletes
MLB
NBA
NHL
NFL
Soccer
Sports Teams
WWE
NCAA
Football
Premier League
Basketball
Baseball
Hockey
Golf
Tennis
Cricket
Rugby
Auto Racing
Olympics
World Cup
Sports
Athletes
MLB
NBA
NHL
NFL
Soccer
Sports Teams
WWE
NCAA
Football
Premier League
Basketball
Baseball
Hockey
Golf
Tennis
Cricket
Rugby
Auto Racing
Olympics
World Cup
Random Quiz
Search Sporcle
×
Quiz Lab
Quiz Lab
Sports
PPV
Type in answers that appear in a list
Type in answers that appear in a list
Classic
Best Score? Go Orange.
The Rock PPV Opponents Stats
Can you name the The Rock PPV Opponents?
By
RKOLEGACY0
15m
123 Questions
379 Plays
379 Plays
379 Plays
Comments
Comments
Give Quiz Kudos
Give Quiz Kudos
-
- Ratings
hide this ad
Replay
Link that replays current quiz
Next Quiz
Link to next quiz in quiz playlist
You Got
0%
They Got
Avg Score
78%
Avg Friend Score
Upgrade to see
Score Distribution
Jump to the score distribution portion of the page
Score
0/123
Timer
15:00
0
Plays Today
PPV
Opponent
% Correct
WWF SummerSlam 1998
Triple H
94.5%
WWF Royal Rumble 1997 (Winner)
Steve Austin
92.3%
WWF In Your House 19: D-
Generation X 1997
Steve Austin
92.3%
WWF Royal Rumble 1998 (Winner)
Steve Austin
92.3%
WWF WrestleMania XV 1999
Steve Austin
92.3%
WWF Backlash 1999
Steve Austin
92.3%
WWF Rebellion 2000
Steve Austin
92.3%
WWF Armageddon 2000
Steve Austin
92.3%
WWF Royal Rumble 2001 (Winner)
Steve Austin
92.3%
WWF WrestleMania X-
Seven 2001
Steve Austin
92.3%
WWF Rebellion 2001
Steve Austin
92.3%
WWF Survivor Series 2001
Steve Austin
92.3%
WWE WrestleMania XIX 2003
Steve Austin
92.3%
WWF Survivor Series 1996
Triple H
91.8%
WWF In Your House 13: Final Four 1997
Triple H
91.8%
WWF Fully Loaded 1998
Triple H
91.8%
WWF Over the Edge 1999
Triple H
91.8%
WWF Fully Loaded 1999
Triple H
91.8%
WWF Unforgiven 1999
Triple H
91.8%
WWF Rebellion 1999
Triple H
91.8%
WWF Survivor Series 1999
Triple H
91.8%
WWF WrestleMania 2000
Triple H
91.8%
WWF Backlash 2000
Triple H
91.8%
WWF Insurrextion 2000
Triple H
91.8%
WWF Judgment Day 2000
Triple H
91.8%
WWF King of the Ring 2000
Triple H
91.8%
WWF SummerSlam 2000
Triple H
91.8%
WWF Armageddon 2000
Triple H
91.8%
WWF Survivor Series 1998
The Undertaker
88.7%
WWF King of the Ring 1999
The Undertaker
88.7%
WWF Unforgiven 2000
The Undertaker
88.7%
WWF Armageddon 2000
The Undertaker
88.7%
WWF No Way Out 2002
The Undertaker
88.7%
WWE Vengeance 2002
The Undertaker
88.7%
WrestleMania XXVIII 2012
John Cena
88.1%
WWF Unforgiven 1999
Kane
87.3%
WWF Unforgiven 2000
Kane
87.3%
WWF In Your House 15: A Cold Day In Hell 1997
Mankind
86.5%
WWF Breakdown 1998
Mankind
86.5%
WWF Survivor Series 1998
Mankind
86.5%
WWF Rock Bottom 1998
Mankind
86.5%
PPV
Opponent
% Correct
WWF Royal Rumble 1999
Mankind
86.5%
WWF St. Valentine's Day Massacre 1999
Mankind
86.5%
WWF Unforgiven 1999
Mankind
86.5%
WWF WrestleMania 2000
Mick Foley
86.5%
WWF Unforgiven 1999
Big Show
85.5%
WWF Survivor Series 1999
Big Show
85.5%
WWF Royal Rumble 2000 (Last Eliminated)
Big Show
85.5%
WWF No Way Out 2000
Big Show
85.5%
WWF WrestleMania 2000
Big Show
85.5%
WWF SummerSlam 2000
Kurt Angle
85.2%
WWF No Mercy 2000
Kurt Angle
85.2%
WWF Rebellion 2000
Kurt Angle
85.2%
WWF Armageddon 2000
Kurt Angle
85.2%
WWF No Way Out 2001
Kurt Angle
85.2%
WWF Survivor Series 2001
Kurt Angle
85.2%
WWE Vengeance 2002
Kurt Angle
85.2%
WWE WrestleMania 29 2013
John Cena
84.8%
WWE WrestleMania XX 2004
Randy Orton
83.6%
WWF Insurrextion 2000
Shane McMahon
83.1%
WWF King of the Ring 2000
Shane McMahon
83.1%
WWF King of the Ring 2000
Vince McMahon
83.1%
WWF Unforgiven 2001
Shane McMahon
83.1%
WWF Survivor Series 2001
Shane McMahon
83.1%
WWF WrestleMania X8 2002
Hulk Hogan
82.8%
WWE No Way Out 2003
Hulk Hogan
82.8%
WWF WrestleMania 13 1997
The Sultan
82.1%
WWF Survivor Series 2000
Rikishi
82.1%
WWF Rebellion 2000
Rikishi
82.1%
WWF Armageddon 2000
Rikishi
82.1%
WWE SummerSlam 2002
Brock Lesnar
81.8%
WWF No Mercy 2001
Chris Jericho
81.5%
WWF Vengeance 2001
Chris Jericho
81.5%
WWF Royal Rumble 2002
Chris Jericho
81.5%
WWE WrestleMania XX 2004
Batista
81%
WWE WrestleMania 32 2016
Erick Rowan
80.8%
WWE WrestleMania XX 2004
Ric Flair
80.2%
WWE Survivor Series 2011
The Miz
80.2%
WWE Royal Rumble 2013
CM Punk
79.9%
WWE Elimination Chamber 2013
CM Punk
79.9%
WWE Survivor Series 2011
R-Truth
77.6%
WWF SummerSlam 1999
Billy Gunn
77%
PPV
Opponent
% Correct
WWF Armageddon 1999
Billy Gunn
77%
WWF SummerSlam 2001
Booker T
76.8%
WWF Unforgiven 2001
Booker T
76.8%
WWF Survivor Series 2001
Booker T
76.8%
WWF Armageddon 1999
Road Dogg
76.5%
WWE Backlash 2003
Goldberg
75.7%
WWF Survivor Series 1997
Ken Shamrock
75.5%
WWF Royal Rumble 1998
Ken Shamrock
75.5%
WWF No Way Out of Texas 1998
Ken Shamrock
75.5%
WWF WrestleMania XIV 1998
Ken Shamrock
75.5%
WWF Mayhem in Manchester 1998
Ken Shamrock
75.5%
WWF Unforgiven 1998
Ken Shamrock
75.5%
WWF King of the Ring 1998
Ken Shamrock
75.5%
WWF Breakdown 1998
Ken Shamrock
75.5%
WWF Survivor Series 1998
Ken Shamrock
75.5%
WWF Survivor Series 2001
Rob Van Dam
74.7%
WWF Fully Loaded 2000
Chris Benoit
74.1%
WWF Unforgiven 2000
Chris Benoit
74.1%
WWF Unforgiven 1998
Faarooq
73.1%
WWF Over the Edge 1998
Faarooq
73.1%
WWF Capital Carnage 1998
X-Pac
72.8%
WWF Mayhem in Manchester 1998
Owen Hart
71.5%
WWF Survivor Series 1998
Big Boss Man
70.7%
WWF Survivor Series 1996
Goldust
70.4%
WWF Judgment Day 1998
Mark Henry
68.9%
WWF Unforgiven 1999
British Bulldog
66.2%
WWF No Mercy 1999
British Bulldog
66.2%
WWF Survivor Series 1996
Jerry Lawler
59.1%
WWF Survivor Series 1997
Ahmed Johnson
54.9%
WWF No Way Out of Texas 1998
Ahmed Johnson
54.9%
WWF In Your House 14: Revenge Of The 'Taker 1997
Savio Vega
54.4%
WWF In Your House 18: Badd Blood 1997
Animal
48.8%
WWF In Your House 18: Badd Blood 1997
Hawk
48.8%
WWF Survivor Series 1997
Animal
48.8%
WWF Survivor Series 1997
Hawk
48.8%
WWF Survivor Series 1996
Crush
48.5%
WWF No Way Out of Texas 1998
8-Ball
42.7%
WWF No Way Out of Texas 1998
Chainz
42.7%
WWF Unforgiven 1998
Steve Blackman
42.5%
WWF No Way Out of Texas 1998
Skull
40.4%
WWF King of the Ring 1998
Dan Severn
29.3%
Quiz Playlist
Details
Report
Send in Message
Add To Playlist
Classic:
Type in answers that appear in a list
Last Updated: Feb 16, 2017
Quiz Scoreboard
CHALLENGE
Sign Up to Join the Scoreboard
Show All
Scores
Hide
Comments
May contain spoilers
Recently Published
Colored Red Africa Blitz
by spor1
Geography
30s
Find the 'City' Movie
by crazypaving
Movies
60s
5x2 Blitz: Bands
by SL_Kpop136
Music
30s
More to Explore
Quiz From the Vault
Featured Blog Post
14 Easter Pick-up Lines to Find Eggs With
hide this ad
You Might Also Like...
Tags
opponent
PPV
PPV Opponents
The Rock
Today's Top Quizzes in Sports
Browse Sports
hide this ad
Today's Top Quizzes in PPV
Browse PPV
Top Contributed Quizzes in Sports
1
Les entraîneurs de l'OM et du PSG au 21e siècle
2
Les meilleurs buteurs des matchs entre le PSG et l’OM
3
Players with Multiple 50 Home Run Seasons
4
2022 World Cup Stars
5
Les joueurs passés par le PSG et l'OM
6
NBA Logic Puzzle 2.0
7
Criteria MLB: Left Handed Sluggers
8
MLB Players with Two .350 Batting Average Seasons
9
Top 10 NHL Goal Scorers of All Time
10
Who Hit More Homers?
Explore More
Trending Topics
Marvel
Anime
Disney
NBA
Kpop
Harry Potter
Crossword
Puzzle
Soccer
WWE
NFL
Pokémon
The Office
Song
Country
hide this ad
More By:
RKOLEGACY0
Quiz
Plays
Rating
Category
Featured
Created
D-Generation X Members
81,688
3.98
Sports
Sep 13, 2012
Edge WWE PPV Opponents
13,884
4.32
Sports
Nov 10, 2011
Wrestlers with the most WWE PPV Matches
11,236
4.23
Sports
Jan 8, 2012
History of the WWE Championship
5,924
4.50
Sports
Feb 9, 2012
MLB Top 100 Hitters of All Time
5,910
4.56
Sports
May 10, 2013
Go to Creator's Profile
Score Distribution
Quiz Creator Spotlight
RKOLEGACY0
Follow
Send a Message
Quizzes Created
-
Created Quiz Play Count
-
More By This Creator
Popular Quizzes Today
1
Colored Red Africa Blitz
2
Find the 'City' Movie
3
5x2 Blitz: Bands
4
Find the US States - No Outlines Minefield
5
The Countries of the World
6
Find the US States
7
US States
8
Find the Countries of Europe - No Outlines Minefield
More Sports Quizzes
NBA Logos
Published
Trending Quizzes
Colored Red Europe Blitz I
Colored Red Africa Blitz II
Colored Red Europe Blitz II
Colored Red Africa Blitz III
Colored Red Europe Blitz III
Recently Updated
How Do You Spell That?
pecheneg
Godzilla Movies
pecheneg
Grab Bag: 4-10 Letters
pecheneg
2024 March Madness Bracket
pecheneg
Famous TV Couples
Peacemaker
Champions League XIs: Real Madrid
pecheneg
Largest US Cities 1790-2010
pecheneg
Rides in Walt Disney World
pecheneg
Most Oscar Losses (Acting)
pecheneg
Beyoncé Albums
pecheneg
Trending Topics
NBA
Anime
Marvel
Kpop
Crossword
Harry Potter
Disney
Puzzle
Pokémon
Country
NFL
Soccer
The Office
Song
WWE
Your Account Isn't Verified!
In order to create a playlist on Sporcle, you need to verify the email address you used during registration. Go to your
Sporcle Settings
to finish the process.
Report this User
Report this user for behavior that violates our
Community Guidelines
.
Details:
Send Report
Go to the Sporcle.com Mobile Site →
Comments